| 000 | 00722nam a2200229Ia 4500 | ||
|---|---|---|---|
| 005 | 20220216103025.0 | ||
| 008 | 210716s2008 xx 000 0 und d | ||
| 020 | _a9780230226463 | ||
| 040 | _cAIMIT LIBRARY | ||
| 041 | _aeng | ||
| 082 |
_a658.001 _21 _bMULC |
||
| 100 |
_aMulhearn, Chris. _920109 |
||
| 245 |
_aEconomics for business / _cBy Chris Mulhearn, Howard R. Vane and James Eden. |
||
| 250 | _a1st ed. | ||
| 260 |
_aNew York : _bPalgrave , _c2008 . |
||
| 300 |
_axiii,417p. ; _c24 cm. |
||
| 650 |
_aMarket Concentration and Power. _920110 |
||
| 650 |
_aInvestment Policy and Appraisal. _920111 |
||
| 700 |
_aVane, Howard R. _920112 |
||
| 700 |
_aEden, James. _920113 |
||
| 942 |
_2ddc _cBK _e1st _k658.001 MULC |
||
| 999 |
_c205332 _d205332 |
||